Le Maroc antique
Salvato in:
| Autore principale: | |
|---|---|
| Natura: | Libro |
| Lingua: | francese |
| Pubblicazione: |
París
Gallimard
1943
|
| Edizione: | 8a. ed |
| Serie: | Le Suit des Temps, 10
|
| Soggetti: | |
| Tags: |
Aggiungi Tag
Nessun Tag, puoi essere il primo ad aggiungerne!!
|
MARC
| LEADER | 00000nam a2200000 a 4500 | ||
|---|---|---|---|
| 001 | UCO2328 | ||
| 003 | CL-VaPUC | ||
| 008 | 000602e19430000fr |||||||||||||||||fre|d | ||
| 082 | 0 | 4 | |a 964.01 |b CAR |2 21 |
| 100 | |a Carcopino, Jérome |e author |9 313360 | ||
| 245 | 1 | 3 | |a Le Maroc antique |
| 250 | |a 8a. ed | ||
| 300 | |a 342 p | ||
| 942 | |c BK | ||
| 945 | |d 20000602 00:00:00 |a rherrera | ||
| 260 | |a París |b Gallimard |c 1943 | ||
| 650 | 7 | |a HISTORIA DE MARRUECOS |2 CL-VaPUC |9 445402 | |
| 650 | 0 | |a Historia antigua |9 267521 | |
| 650 | 0 | |a Prehistoria |9 316557 | |
| 650 | 0 | |a Imperio Romano |9 322785 | |
| 650 | 0 | |a Geografía antigua |9 266056 | |
| 650 | 7 | |a PUNICOS |2 CL-VaPUC |9 445403 | |
| 651 | 7 | |a MARRUECOS |2 CL-VaPUC |9 445404 | |
| 583 | |a last modification |c 20171011 02:20:37 |k Rodrigo Vera | ||
| 490 | 0 | |a Le Suit des Temps, 10 | |
| 999 | |c 288863 |d 288861 | ||
| 952 | |0 0 |1 0 |4 0 |6 964_010000000000000_CAR_1943 |7 0 |8 X |9 336822 |a BIBHIS |b BIBHIS |d 2019-11-20 |i 1285211 |o 964.01 CAR 1943 |p 1285211 |r 2024-01-30 |w 2019-11-20 |y BK_X |k HIS | ||